| 000 | nam a22 7a 4500 | ||
|---|---|---|---|
| 999 |
_c101748 _d101747 |
||
| 005 | 20190604120600.0 | ||
| 008 | 190403b ||||| |||| 00| 0 eng d | ||
| 020 | _a9780143446224 | ||
| 080 |
_aF _bRAY/PU |
||
| 100 |
_a Ray, Satyajit _97404 |
||
| 245 | _aPuffin feluda omnibus | ||
| 260 |
_aHaryana _bPuffin books _c2018 |
||
| 300 | _a318p. | ||
| 653 | _aFiction - English literature | ||
| 700 | _aMajumdar, Gopa;tr.by | ||
| 942 | _cBK | ||